ARRUPE JESUIT UNIVERSITY

CORONAVIRUS -STOP THE SPREAD - CLEAN,DISINFECT,COVER

The naturalists and the supernatural : (Record no. 9477)

MARC details
000 -LEADER
fixed length control field 00891pam a2200253 a 4500
001 - CONTROL NUMBER
control field 3314255
003 - CONTROL NUMBER IDENTIFIER
control field ARRUPE
005 - DATE AND TIME OF LATEST TRANSACTION
control field 20170801094559.0
008 - FIXED-LENGTH DATA ELEMENTS--GENERAL INFORMATION
fixed length control field 840615s1984 gau b 001 0 eng
010 ## - LIBRARY OF CONGRESS CONTROL NUMBER
LC control number 84014686
020 ## - INTERNATIONAL STANDARD BOOK NUMBER
International Standard Book Number 0865541167 (alk. paper) :
Terms of availability $21.50
040 ## - CATALOGING SOURCE
Original cataloging agency DLC
Transcribing agency DLC
Modifying agency DLC
050 00 - LIBRARY OF CONGRESS CALL NUMBER
Classification number B828.2
Item number .S5 1984
082 00 - DEWEY DECIMAL CLASSIFICATION NUMBER
Classification number 200/.1
Edition number 19
300 ## - PHYSICAL DESCRIPTION
Dimensions 24 cm.
100 1# - MAIN ENTRY--PERSONAL NAME
Personal name Shea, William M.,
Dates associated with a name 1935-
9 (RLIN) 34105
245 14 - TITLE STATEMENT
Title The naturalists and the supernatural :
Remainder of title studies in horizon and an American philosophy of religion /
Statement of responsibility, etc William M. Shea.
260 ## - PUBLICATION, DISTRIBUTION, ETC. (IMPRINT)
Place of publication, distribution, etc [Macon, Ga.] :
Name of publisher, distributor, etc Mercer,
Date of publication, distribution, etc c1984.
300 ## - PHYSICAL DESCRIPTION
Extent xvi, 244 p. ;
504 ## - BIBLIOGRAPHY, ETC. NOTE
Bibliography, etc Includes bibliographical references and index.
650 #0 - SUBJECT ADDED ENTRY--TOPICAL TERM
Topical term or geographic name as entry element Naturalism.
9 (RLIN) 19797
650 #0 - SUBJECT ADDED ENTRY--TOPICAL TERM
Topical term or geographic name as entry element Religion.
9 (RLIN) 34106
906 ## - LOCAL DATA ELEMENT F, LDF (RLIN)
a 7
b cbc
c orignew
d 1
e ocip
f 19
g y-gencatlg
942 ## - ADDED ENTRY ELEMENTS (KOHA)
Source of classification or shelving scheme Library of Congress Classification
Koha item type Monograph ( Printed materials)
Holdings
Withdrawn status Lost status Source of classification or shelving scheme Damaged status Not for loan Collection code Home library Current library Shelving location Date acquired Total Checkouts Full call number Barcode Date last seen Date checked out Copy number Price effective from Koha item type
    Library of Congress Classification     Main Collection ARRUPE LIBRARY ARRUPE LIBRARY   04/03/2013 1 B828.2.S5 1984 46003007594 11/04/2018 28/03/2018 1 04/03/2013 Monograph ( Printed materials)

 

Arrupe Library. PO Box MP320 Mt Pleasant, Harare, Zimbabwe
263 242 745411|librarian@aju.ac.zw